000 00619nam a2200205Ii 4500
001 11432
003 CO-ViMGA
008 241108s9999||||xx |||||||||||||| ||und||
040 _aCO-ViMGA
_bspa
_erda
_cCO-ViMGA
041 0 _aspa
082 0 4 _a338.986156 G216s
100 1 _aEmilio García Gutiérrez
_946452
245 1 0 _aEl sector agrario del Meta de cara al tercer milenio
264 1 _aBogotá, Colombia : Siglo XX, 1999
300 _avolumen
336 _atext
_btxt
_2rdacontent
337 _aunmediated
_bn
_2rdamedia
338 _avolume
_bnc
_2rdacarrier
940 _aidficha_siabuc: 11158. -- ficha_no_siabuc:11432
999 _c41018
_d41018